<?xml version="1.0" encoding="UTF-8"?>
<record
    xmlns:xsi="http://www.w3.org/2001/XMLSchema-instance"
    xsi:schemaLocation="http://www.loc.gov/MARC21/slim http://www.loc.gov/standards/marcxml/schema/MARC21slim.xsd"
    xmlns="http://www.loc.gov/MARC21/slim">

  <leader>01628nam a2200265 a 4500</leader>
  <controlfield tag="005">20150707084239.0</controlfield>
  <controlfield tag="008">140531s2011    ck ab  gr     00010 spa d</controlfield>
  <datafield tag="020" ind1=" " ind2=" ">
    <subfield code="a">9789585708006</subfield>
  </datafield>
  <datafield tag="040" ind1=" " ind2=" ">
    <subfield code="a">CO-BoBLA </subfield>
    <subfield code="c">CO-BoBLA</subfield>
    <subfield code="d">CO-BoIAVH</subfield>
  </datafield>
  <datafield tag="041" ind1=" " ind2=" ">
    <subfield code="a">spa</subfield>
  </datafield>
  <datafield tag="044" ind1=" " ind2=" ">
    <subfield code="a">ck</subfield>
  </datafield>
  <datafield tag="082" ind1="0" ind2="4">
    <subfield code="a">333.72 </subfield>
    <subfield code="b">O24r </subfield>
  </datafield>
  <datafield tag="100" ind1="1" ind2=" ">
    <subfield code="a">Ochoa Jaramillo, Doris.</subfield>
    <subfield code="9">21298</subfield>
  </datafield>
  <datafield tag="245" ind1="1" ind2="0">
    <subfield code="a">Retos para un desarrollo sostenible : </subfield>
    <subfield code="b">transformaciones en la amazonia colombiana / </subfield>
    <subfield code="c">Doris Ochoa Jaramillo, Adriana Rojas Su&#xE1;rez, N&#xE9;stor Ortiz P&#xE9;rez.</subfield>
  </datafield>
  <datafield tag="260" ind1=" " ind2=" ">
    <subfield code="a">Bogot&#xE1; :</subfield>
    <subfield code="b">USAID :</subfield>
    <subfield code="b">ALISOS :</subfield>
    <subfield code="b">ILSA,</subfield>
    <subfield code="c">2011.</subfield>
  </datafield>
  <datafield tag="300" ind1=" " ind2=" ">
    <subfield code="a">122 p&#xE1;ginas : </subfield>
    <subfield code="b">ilustraciones, mapas, gr&#xE1;ficos ; </subfield>
    <subfield code="c">28 cm. + </subfield>
    <subfield code="e">1 CD.</subfield>
  </datafield>
  <datafield tag="504" ind1=" " ind2=" ">
    <subfield code="a">Incluye referencias bibliogr&#xE1;ficas (p. 114-117)</subfield>
  </datafield>
  <datafield tag="505" ind1=" " ind2=" ">
    <subfield code="a">Cap. 1 Sentido y alcance.
Cap. 2 La Amazonia colombiana hoy.
Cap. 3 Las pol&#xED;ticas p&#xFA;blicas sectoriales en la transformaci&#xF3;n de la Amazonia colombiana.
Cap. 4 Las trayectorias sectoriales: la din&#xE1;mica de los hidrocarburos.
Cap. 5 Las trayectorias sectoriales: la din&#xE1;mica de la miner&#xED;a.
Cap. 6 Las trayectorias sectoriales: la din&#xE1;mica de la infraestructura del transporte.
Cap. 7 Las trayectorias sectoriales: la din&#xE1;mica de la infraestructura de energ&#xED;a.
Cap. 8 Desaf&#xED;os para la conservaci&#xF3;n y la sostenibilidad.
Cap. 5 </subfield>
  </datafield>
  <datafield tag="650" ind1=" " ind2="4">
    <subfield code="a">Conservaci&#xF3;n de la diversidad biol&#xF3;gica</subfield>
    <subfield code="z"> Amazonas (Regi&#xF3;n, Colombia)</subfield>
    <subfield code="9">35262</subfield>
  </datafield>
  <datafield tag="650" ind1=" " ind2="4">
    <subfield code="a">Desarrollo sostenible</subfield>
    <subfield code="z"> Amazonas (Regi&#xF3;n, Colombia)</subfield>
    <subfield code="9">35263</subfield>
  </datafield>
  <datafield tag="651" ind1=" " ind2="4">
    <subfield code="a">Amazonas (Regi&#xF3;n, Colombia)</subfield>
    <subfield code="x"> Descripci&#xF3;n.</subfield>
    <subfield code="9">35264</subfield>
  </datafield>
  <datafield tag="700" ind1="1" ind2=" ">
    <subfield code="a">Rojas Su&#xE1;rez, Adriana.</subfield>
    <subfield code="9">35265</subfield>
  </datafield>
  <datafield tag="700" ind1="1" ind2=" ">
    <subfield code="a">Ortiz P&#xE9;rez, N&#xE9;stor.</subfield>
    <subfield code="9">2350</subfield>
  </datafield>
  <datafield tag="942" ind1=" " ind2=" ">
    <subfield code="2">ddc</subfield>
    <subfield code="c">LIBRO</subfield>
  </datafield>
  <datafield tag="999" ind1=" " ind2=" ">
    <subfield code="c">17527</subfield>
    <subfield code="d">17527</subfield>
  </datafield>
  <datafield tag="952" ind1=" " ind2=" ">
    <subfield code="0">0</subfield>
    <subfield code="1">0</subfield>
    <subfield code="2">ddc</subfield>
    <subfield code="4">0</subfield>
    <subfield code="7">0</subfield>
    <subfield code="8">GENERAL</subfield>
    <subfield code="A">2011</subfield>
    <subfield code="I">INV2017</subfield>
    <subfield code="a">Bogota</subfield>
    <subfield code="b">Bogota</subfield>
    <subfield code="d">2015-07-07</subfield>
    <subfield code="e">Instituto</subfield>
    <subfield code="g">39000.00</subfield>
    <subfield code="l">0</subfield>
    <subfield code="o">LB-333.72  O24r</subfield>
    <subfield code="p">038877</subfield>
    <subfield code="r">2015-07-07 00:00:00</subfield>
    <subfield code="t">Ej. 1</subfield>
    <subfield code="w">2015-07-07</subfield>
    <subfield code="x">Donaci&#xF3;n</subfield>
    <subfield code="y">LIBRO</subfield>
    <subfield code="z">Incluye CD-ROM con anexos y el libro en forma digital abreviada. (Cod. 042080).</subfield>
  </datafield>
</record>
